010120000a22003730004500003000300000004000300003500000600006650001100012650002400023650002300047650001900070650001600089650002500105650002500130650001700155650001100172650001600183651001000199651001900209651001800228518001100246260000900257300001600266260002100282041000800303502006000311100002200371245011500393082001700508530000800525942000800533999001500541952008200556SPBV a  aIncome aIncome distribution aConsumption policy aIncomes policy aConsumption aConsumer expenditure aSocioeconomic status aCase studies aTheses aRural areas aNepal aPalpa District aChidipani VDC a940725 c1994 a76p.billus aKathmandu, Nepal aEng aDissertationbDegree in Economics, Tribhuvan University aUpadhyay, Bikalpa aImpact of change in income distribution and consumption pattern; a case study of Chidipani VDC, Palpa District a339bUp1icD aDis cGEN c5403d5403 00104070aTUCLbTUCLd2010-06-20l0pD3478r2010-06-20 00:00:00w2010-06-20